| 000 | 02079cam a22005657i 4500 | ||
|---|---|---|---|
| 999 |
_c3440 _d3440 |
||
| 001 | 18399420 | ||
| 003 | OSt | ||
| 005 | 20240120121503.0 | ||
| 008 | 141208s2015 nyua j 000 1 eng d | ||
| 010 | _a 2014958803 | ||
| 020 | _a9781442498297 (pbk.) | ||
| 035 | _a(OCoLC)ocn904024510 | ||
| 040 |
_aNYP _beng _cNYP _erda _dAPL _dYDXCP _dBTCTA _dBDX _dTOH _dJBL _dOCP _dDAD _dOCLCF _dDLC _dKH8 |
||
| 042 | _alccopycat | ||
| 082 | 0 | 4 |
_aFIC BUR _223 |
| 100 | 1 |
_aBurkhart, Jessica, _eauthor. |
|
| 245 | 1 | 4 |
_aThe Hidden treasure / _cby Jessica Burkhart ; illustrated by Victoria Ying. |
| 250 | _aAladdin hardcover edition. | ||
| 264 | 1 |
_aNew York : _bAladdin, _c2015. |
|
| 300 |
_a104 pages : _billustrations ; _c22 cm |
||
| 336 |
_atext _btxt _2rdacontent |
||
| 337 |
_aunmediated _bn _2rdamedia |
||
| 338 |
_avolume _bnc _2rdacarrier |
||
| 490 | 1 |
_aUnicorn magic ; _vbook 4 |
|
| 520 | _aWhen Princess Bella throws a farewell party for her cousin, her evil aunt shows up and demands that Bella find a magic crystal hidden in the castle or lose Glimmer forever. | ||
| 521 | 1 | _aAges 6-9. | |
| 650 | 0 |
_aUnicorns _vJuvenile fiction. |
|
| 650 | 0 |
_aPets _vJuvenile fiction. |
|
| 650 | 0 |
_aCousins _vJuvenile fiction. |
|
| 650 | 0 |
_aCrystals _vJuvenile fiction. |
|
| 650 | 0 |
_aAunts _vJuvenile fiction. |
|
| 650 | 0 |
_aPrincesses _vJuvenile fiction. |
|
| 650 | 1 |
_aUnicorns _vFiction. |
|
| 650 | 1 |
_aPets _vFiction. |
|
| 650 | 1 |
_aCousins _vFiction. |
|
| 650 | 1 |
_aCrystals _vFiction. |
|
| 650 | 1 |
_aAunts _vFiction. |
|
| 650 | 1 |
_aPrincesses _vFiction. |
|
| 650 | 7 |
_aAunts. _2fast _0(OCoLC)fst00821339 |
|
| 650 | 7 |
_aCousins. _2fast _0(OCoLC)fst00881894 |
|
| 650 | 7 |
_aCrystals. _2fast _0(OCoLC)fst00884667 |
|
| 650 | 7 |
_aPets. _2fast _0(OCoLC)fst01059908 |
|
| 650 | 7 |
_aPrincesses. _2fast _0(OCoLC)fst01076505 |
|
| 650 | 7 |
_aUnicorns. _2fast _0(OCoLC)fst01161301 |
|
| 655 | 7 |
_aFiction. _2fast _0(OCoLC)fst01423787 |
|
| 655 | 7 |
_aJuvenile works. _2fast _0(OCoLC)fst01411637 |
|
| 700 | 1 |
_aYing, Victoria, _eillustrator. |
|
| 800 | 1 |
_aBurkhart, Jessica. _tUnicorn magic ; _vbook 4. |
|
| 942 |
_2ddc _cFIC |
||